Attaquants passés par Manchester United pt.4 - Statistiques

Statistiques générales
  • Ce quiz a été pris 50 fois
  • Le résultat moyen est 7 sur 11
Statistiques - réponses
Par images Réponse % Correct
Carlos Tévez
100%
Ruud van Nistelrooy
89%
Ruud van Nistelrooy
89%
Joshua Zirkzee
80%
Ole Gunnar Solskjær
76%
Danny Welbeck
73%
Wout Weghorst
71%
Wilfried Zaha
53%
Dwight Yorke
29%
Ethan Wheatley
20%
James Wilson
16%
Aucun quiz correspondant
Distribution des résultats
% des personnes avec chaque résultat
Percentile par nombre de réponses
Votre historique - résultats
Vous n’avez pas pris ce quiz